Загрузка...

The pardoner's tale

Библиографические подробности
Главный автор: Chaucer, Geoffrey
Формат: Printed Book
Язык:English
Опубликовано: Delhi : OUP , c1977.
LEADER 00410nam a22001217a 4500
008 170327b xxu||||| |||| 00| 0 eng d
100 |a Chaucer, Geoffrey 
245 |a The pardoner's tale 
260 |a Delhi :  |b OUP ,  |c c1977. 
300 |b 172p. 
942 |c BK 
999 |c 197227  |d 197227 
952 |0 0  |1 0  |4 0  |6 821_100000000000000_CHA_P  |7 0  |9 218047  |a ENG  |b ENG  |c ST1  |d 2017-03-27  |i 11149  |l 0  |o 821.1 CHA/P  |p ENG11149  |r 2017-03-27  |w 2018-08-21  |y BK